000 00669nam a22002177a 4500
003 OSt
005 20150323114333.0
008 150213b xxu||||| |||| 00| 0 eng d
040 _cBMC
082 _a813.5
100 1 _aSanders, Lawrence
_d1920-1998
_930974
245 1 3 _aEl primer pecado mortal
_cSanders Lawrence ; traducción, Raquel Albornoz
250 _a1ª ed., 2 impr
260 _aBuenos Aires
_bEmecé
_c[1975]
300 _a509 p.
_c18 cm
490 _aGrandes Novelistas. La novela actual en el mundo
595 _aTraducción de: The First Deadly Sin
650 2 4 _917595
_aNovela norteamericana
700 1 _91161
_aAlbornoz, Raquel
942 _2ddc
_cBK
999 _c18520
_d18520